Excel για Windows συνοπτικός οδηγός
Αποθηκεύτηκε σε:
| Κύριος συγγραφέας: | |
|---|---|
| Άλλοι συγγραφείς: | |
| Μορφή: | Βιβλίο |
| Γλώσσα: | Greek English |
| Δημοσίευση: |
Αθήνα :
Γκιούρδας,
1992.
|
| Θέματα: | |
| Ετικέτες: |
Προσθήκη ετικέτας
Δεν υπάρχουν, Καταχωρήστε ετικέτα πρώτοι!
|
MARC
| LEADER | 00000cam a2200000 i 4500 | ||
|---|---|---|---|
| 001 | 1/37670 | ||
| 008 | 941201s1992 gr | ||| |||| ||gre|| | ||
| 035 | |a 1994 |c ΠΑΝΑΓΙΩΤΟΠΟΥΛΟΣ |l 10040569 | ||
| 040 | |a GR-MyUa |b gre |e AACR2 | ||
| 041 | 1 | |a gre |h eng | |
| 082 | 7 | |a 005.3 |2 (22) | |
| 100 | 1 | |a McVey, Sharel. | |
| 245 | 1 | 0 | |a Excel για Windows συνοπτικός οδηγός / |c Sharel McVey ; απόδοση Χρυσούλα Κουτρούμπα. |
| 260 | |a Αθήνα : |b Γκιούρδας, |c 1992. | ||
| 300 | |a 148 σ. ; |c 21 εκ. | ||
| 500 | |a Τίτλος πρωτοτύπου: Excel for Windows quick reference. | ||
| 630 | 0 | 0 | |a Microsoft Excel (Computer file) |
| 650 | 0 | |a Windows (Computer programs) | |
| 700 | 1 | |a Κουτρούμπα, Χρυσούλα Α. |e trlf | |
| 852 | |a INST |b SAMOS |e 19941201 |h 005.3 MCV |p 005300008307 |q 005300008307 |t BK |y 0 | ||